The γ d → π0ηd reaction and extraction of the ηd scattering length; The European Physical Journal A - Hadrons and Nuclei; Vol. 58, iss. 6

Λεπτομέρειες βιβλιογραφικής εγγραφής
Parent link:The European Physical Journal A - Hadrons and Nuclei.— .— New York: Springer Science+Business Media LLC.
Vol. 58, iss. 6.— 2022.— Article number 109, 8 p.
Κύριος συγγραφέας: Fiks (Fix) A. I. Alexander Ivanovich
Περίληψη:Title screen
We consider some theoretical aspects concerning extraction of the ηd scattering length from the reaction γ d → π0ηd. The major source of uncertainty is associated with the mechanism, in which the ηd state is produced in the N(1535)N → ηd transition, and, to a lesser extent, with the energy dependence of the off-shell contribution to the ηd interaction
Текстовый файл
AM_Agreement
Γλώσσα:Αγγλικά
Έκδοση: 2022
Θέματα:
Διαθέσιμο Online:https://doi.org/10.1140/epja/s10050-022-00759-x
Μορφή: Ηλεκτρονική πηγή Κεφάλαιο βιβλίου
KOHA link:https://koha.lib.tpu.ru/cgi-bin/koha/opac-detail.pl?biblionumber=683606

MARC

LEADER 00000naa0a2200000 4500
001 683606
005 20251204113215.0
090 |a 683606 
100 |a 20251204d2022 k||y0rusy50 ba 
101 0 |a eng 
102 |a US 
135 |a drnn ---uucaa 
181 0 |a i   |b  e  
182 0 |a b 
183 0 |a cr  |2 RDAcarrier 
200 1 |a The γ d → π0ηd reaction and extraction of the ηd scattering length  |f A. Fix 
203 |a Текст  |c электронный  |b визуальный 
283 |a online_resource  |2 RDAcarrier 
300 |a Title screen 
320 |a References: 22 tit 
330 |a We consider some theoretical aspects concerning extraction of the ηd scattering length from the reaction γ d → π0ηd. The major source of uncertainty is associated with the mechanism, in which the ηd state is produced in the N(1535)N → ηd transition, and, to a lesser extent, with the energy dependence of the off-shell contribution to the ηd interaction 
336 |a Текстовый файл 
371 0 |a AM_Agreement 
461 1 |t The European Physical Journal A - Hadrons and Nuclei  |c New York  |n Springer Science+Business Media LLC. 
463 1 |t Vol. 58, iss. 6  |v Article number 109, 8 p.  |d 2022 
610 1 |a электронный ресурс 
610 1 |a труды учёных ТПУ 
700 1 |a Fiks (Fix)  |b A. I.  |c Physicist  |c Professor of Tomsk Polytechnic University, Doctor of Physical and Mathematical Sciences  |f 1968-  |g Alexander Ivanovich  |9 17419 
801 0 |a RU  |b 63413507  |c 20251204  |g RCR 
856 4 |u https://doi.org/10.1140/epja/s10050-022-00759-x  |z https://doi.org/10.1140/epja/s10050-022-00759-x 
942 |c CF